00394 2200157 4500001002100000005001700021020002200038035002500060082000800085100001600093245003900109250001000148260002800158300004100186990000900227INLIS00000000001603820150112171745.0 a978-979-22-4799-2 a0010-011500000008811 a813 aEnid Blyton aSemester Terakhir di Malory Towers aCet.9 aJakartabGramediac2010 a1 - 240 hlm.; 11 x 18 cmc11 x 18 cm a7871